01372nam a2200337Ia 4500001001200000003000800012006001900020007001500039008004100054010001700095020003900112020001800151040002100169035002100190050002600211082001900237100002600256245011200282260004700394300001700441440007300458504005100531533015200582650002900734651003800763651004400801655002900845710001700874856012600891999001701017ebr10721333CaPaEBRm o u cr cn|||||||||130102s2013 nyu sb 001 0 eng d z 2013000079 z9780801450822 (cloth : alk. paper) z9780801468940 aCaPaEBRcCaPaEBR a(OCoLC)86894395014aDS935.65b.A76 2013eb04a951.9304/32231 aArmstrong, Charles K.10aTyranny of the weakh[electronic resource] :bNorth Korea and the world, 1950-1992 /cCharles K. Armstrong. aIthaca :bCornell University Press,c2013. aviii, 307 p. 0aStudies of the Weatherhead East Asian Institute, Columbia University aIncludes bibliographical references and index. aElectronic reproduction.bPalo Alto, Calif. :cebrary,d2013.nAvailable via World Wide Web.nAccess may be limited to ebrary affiliated libraries. 0aInternational relations. 0aKorea (North)xForeign relations. 0aKorea (North)xPolitics and government. 7aElectronic books.2local2 aebrary, Inc.40uhttp://site.ebrary.com/lib/rucke/Doc?id=10721333zAn electronic book accessible through the World Wide Web; click to view c39793d39793